| 000 | 00694nam a2200181Ia 4500 | ||
|---|---|---|---|
| 003 | IN-BaIIA | ||
| 008 | 211028s9999 xx 000 0 eng d | ||
| 020 | _a83-85962-06-9 | ||
| 040 | _cIIA Library | ||
| 080 |
_a524.338(063) _bPHY |
||
| 111 |
_aInternational Conference _cPoland _d1997 June 16-19 _921049 |
||
| 245 | 0 |
_aPhysical processes in symbiotic binaries and related systems _bproceedings of the International conference Koninki, Poland, June 16 - 19, 1997 _cedited by Joanna Mikolajewska |
|
| 260 |
_aWarszawa _bCopernicus Foundation for Polish Astronomy _c1997 |
||
| 300 | _aIxiv, 219p. | ||
| 650 |
_aSymbiotic stars _912209 |
||
| 700 |
_aMikolajewska, Joanna., ed. _915827 |
||
| 942 | _cBK | ||
| 999 |
_c12089 _d12089 |
||